000 00289nam a22001337a 4500
008 170502b xxu||||| |||| 00| 0 eng d
020 _a9781929289417
041 _aeng
080 _23 ED
_a34
100 _a13
101 _aSHJ
245 _aETHICS AND LAW
_cSTONE.G
942 _2udc
_cBK
999 _c12469
_d12469